000 00474nam a22001817a 4500
003 MPLRDC
005 20220104124652.0
008 210129b ||||| |||| 00| 0 eng d
082 _a859.61 ZGGD-2 v.3
100 _a不详
245 _a李逵的故事
_c
250 _a初版
260 _a
_b中流出版社有限公司
_c1978
300 _b
490 _a中国古典小说人物故事丛书
650 _a古典小说人物故事
942 _cBK
_o859.61 ZGGD-2 v.3
999 _c21181
_d21171